000 00220nam a2200085Ia 4500
245 0 _aAlmost perfect
100 _a HAMPTON, Denise New York, 2003
_995591
942 _cBK
008 210817s9999 xx 000 0 und d
999 _c397627
_d397626